Reseña de la sesión regia celebrada en la Academia Matritense de Jurisprudencia y Legislación la noche del 15 de noviembre de 1880. (Record no. 151321)
[ view plain ]
| 000 -LEADER | |
|---|---|
| campo de control de longitud fija | 01145nam a2200253 i 4500 |
| 001 - NÚMERO DE CONTROL | |
| campo de control | 151321 |
| 003 - IDENTIFICADOR DE NÚMERO DE CONTROL | |
| campo de control | ES-MaACL |
| 005 - FECHA Y HORA DE LA ÚLTIMA TRANSACCIÓN | |
| campo de control | 20250809035827.0 |
| 008 - DATOS DE LONGITUD FIJA--INFORMACIÓN GENERAL | |
| campo de control de longitud fija | 021017s1880 sp |||| | spa d |
| 080 ## - NÚMERO DE LA CLASIFICACIÓN DECIMAL UNIVERSAL | |
| Número de la Clasificación Decimal Universal | 343.82(460) |
| 110 2# - ENTRADA PRINCIPAL--NOMBRE DE ENTIDAD CORPORATIVA | |
| Nombre de entidad corporativa o nombre de jurisdicción como elemento de entrada | Academia Matritense de Jurisprudencia y Legislación. |
| 9 (RLIN) | 1204 |
| 245 10 - MENCIÓN DEL TÍTULO | |
| Título | Reseña de la sesión regia celebrada en la Academia Matritense de Jurisprudencia y Legislación la noche del 15 de noviembre de 1880. |
| 260 ## - PUBLICACIÓN, DISTRIBUCIÓN, ETC. | |
| Lugar de publicación, distribución, etc. | Madrid : |
| Nombre del editor, distribuidor, etc. | [s.n.], |
| Fecha de publicación, distribución, etc. | 1880 ( |
| Fabricante | Imp. del Ministerio de Gracia y Justicia) |
| 300 ## - DESCRIPCIÓN FÍSICA | |
| Extensión | XI p. ; |
| Dimensiones | 23 cm. |
| 530 ## - NOTA DISPONIBLE DE FORMULARIO FÍSICO ADICIONAL | |
| Nota de formato físico adicional disponible | Disponible en formato digital. |
| 650 #7 - PUNTO DE ACCESO ADICIONAL DE MATERIA--TÉRMINO DE MATERIA | |
| Término de materia o nombre geográfico como elemento de entrada | Derecho penitenciario |
| Fuente del encabezamiento o término | embne |
| 9 (RLIN) | 188563 |
| 710 1# - ENTRADA AGREGADA--NOMBRE DE ENTIDAD CORPORATIVA | |
| Nombre de entidad corporativa o nombre de jurisdicción como elemento de entrada | España. |
| Unidad subordinada | Ministerio de Gracia y Justicia. |
| 9 (RLIN) | 3873 |
| 852 4# - LOCALIZACIÓN | |
| Ubicación | ES-MaACL |
| Número de control de estantería | D-165(6) |
| Nota libre | - Donativo Lastres |
| -- | - Encuadernado en v. facticio, en el lomo: Estudios penitenciarios, 5 |
| 852 4# - LOCALIZACIÓN | |
| Ubicación | ES-MaACL |
| Número de control de estantería | T-352-F-2 |
| Nota libre | - Enc. hol. |
| -- | - Enc. en un vol. facticio |
| 852 4# - LOCALIZACIÓN | |
| Ubicación | ES-MaACL |
| Número de control de estantería | T-356-F-9 |
| 852 4# - LOCALIZACIÓN | |
| Ubicación | ES-MaACL |
| Número de control de estantería | T-381-F-19 |
| 856 4# - LOCALIZACIÓN Y ACCESO ELECTRÓNICOS | |
| Identificador Uniforme de Recursos | <a href="http://bdh-rd.bne.es/viewer.vm?id=0000136983&page=1 ">http://bdh-rd.bne.es/viewer.vm?id=0000136983&page=1 </a> |
| Nota pública | Biblioteca Digital Hispánica |
| Estatus retirado | Estado de pérdida | Estado de daño | No para préstamo | Colección | Biblioteca de origen | Biblioteca actual | Ubicación en estantería | Fecha de adquisición | Fuente de adquisición | Total de préstamos | Signatura topográfica completa | Código de barras | Visto por última vez | Precio de reemplazo | Tipo de ítem Koha | Fuente del sistema de clasificación o colocación |
|---|---|---|---|---|---|---|---|---|---|---|---|---|---|---|---|---|
| Colección de folletos | Biblioteca del Ateneo de Madrid | Biblioteca del Ateneo de Madrid | Depósito folletos | 12/01/2010 | T-356-F-9 | 1182299 | 23/02/2023 | 23/02/2023 | Folleto | |||||||
| Colección de folletos | Biblioteca del Ateneo de Madrid | Biblioteca del Ateneo de Madrid | Depósito folletos | 12/01/2010 | T-381-F-19 | 1182310 | 23/02/2023 | 23/02/2023 | Folleto | |||||||
| Colección de folletos | Biblioteca del Ateneo de Madrid | Biblioteca del Ateneo de Madrid | Depósito folletos | 17/01/2008 | T-352-F-2 | 1157880 | 23/02/2023 | 23/02/2023 | Folleto | |||||||
| Colección de folletos | Biblioteca del Ateneo de Madrid | Biblioteca del Ateneo de Madrid | Sala Valle Inclán | 11/01/2010 | D-165(6) | 901182289 | 23/02/2023 | 23/02/2023 | Folleto | Clasificación decimal universal |
